| 000 | 00481ntaaa2200181 4500 | ||
|---|---|---|---|
| 003 | 01 | ||
| 005 | 20251027201309.0 | ||
| 008 | 0714s1973 ag 01 | ||
| 040 |
_aAR-BaBN _bspa _cAR-BaBN _eaacr _dRIC |
||
| 082 | _a221.8230 Yo8 | ||
| 100 |
_aYoung, Edward J. _9226 |
||
| 245 | _aStudy of Old Testament theology today | ||
| 250 |
_a1 ed. : _bJ. Clarke and Co., _cc/958 |
||
| 300 | _a112 p. | ||
| 650 |
_aTeología Bíblica _9313 |
||
| 650 | _aTeología-Antiguo Testamento | ||
| 942 | _cBK | ||
| 999 |
_c7379 _d7379 |
||